000 01232nam a22003497a 4500
003 CHAP
005 20220329143414.0
008 090427s2006 mx r 00010 spa d
010 _a96126
011 _a97098
020 _a970-722-616-1
_c(Plaza y Valdés)
020 _a9703233317
_c(UNAM)
035 _a107759
040 _cCHAP
082 0 4 _a375
_bM36
100 1 _aMartínez Lobatos, Lilia.
_972216
245 1 0 _aFlexibilización curricular :
_bel caso de la UABC
_c/por Lilia Martínez Lobatos
260 _aMéxico, D.F. :
_bUNAM : Plaza y Valdés,
_c2006
300 _a214 p. :
_bcuadros
590 _aBATCH-UPD
_b10
_c20130110
_lUCH01
_h0315
590 _aBATCH-UPD
_b10
_c20130110
_lUCH01
_h1710
590 _aBATCH-UPD
_b10
_c20130409
_lUCH01
_h2347
590 _aBATCH-UPD
_b10
_c20130914
_lUCH01
_h1238
590 _aCONVERSION
_b10
_c20130109
_lUCH01
_h1353
650 0 4 _aEducación
_xBaja California.
_935416
650 1 4 _aEducación
_xCurrículo.
_935429
650 1 4 _aPlanes de estudio.
_988732
901 _aBK
942 _cLIBRO
949 _a375 M36
_bBC
_cLIBRO
_d33724002089702
_eLIBRO
_gI.c/e
_h110337
_i107759
_sb
_t$175.00
949 _a375 M36
_bBC
_cLIBRO
_d33724002089743
_eLIBRO
_fc.2
_gI.c/e
_h110338
_i107759
_sb
_t$175.00
999 _c96126
_d96126